|
|
|
|
| LEADER |
00000nab a2200000 a 4500 |
| 001 |
vtls010324404 |
| 003 |
SK-MaSNL |
| 005 |
20260426071229.0 |
| 008 |
190503c2011 xo mr p 000 c0ukr |
| 015 |
|
|
|a SNBRB2011/11
|
| 038 |
|
|
|a SVKPOCL
|
| 040 |
|
|
|a SVKPOCL
|b slo
|c SVKPOCL
|e AACR2
|
| 041 |
0 |
|
|a ukr
|
| 044 |
|
|
|a xo
|c SK
|
| 080 |
|
|
|a 821.161.2 (437.6)-32
|2 2001
|
| 080 |
|
|
|a 821.161.2 (437.6)-93
|2 2001
|
| 100 |
1 |
|
|a Bača, Juraj,
|d 1932-2021
|4 aut
|9 207872
|
| 245 |
1 |
0 |
|a Večerja bula - jak velykodnja!
|c Jurij Bača
|
| 650 |
0 |
7 |
|a ukrajinská literatúra
|z Slovensko
|2 svkpocl
|9 306583
|
| 650 |
0 |
7 |
|a ukrajinská próza
|2 svkpocl
|9 82745
|
| 650 |
0 |
7 |
|a literatúra pre deti a mládež
|2 svkpocl
|9 21893
|
| 651 |
|
7 |
|a Slovensko
|2 svkpocl
|9 14231
|
| 655 |
|
7 |
|a ukrajinské poviedky
|2 svkpocl
|9 70503
|
| 773 |
0 |
|
|t Veselka
|g Rič. [63], č. 1 (2011/2012), s. 5
|x 1337-6314
|
| 852 |
|
|
|a SVKPO
|b KIS3GCP
|
| 856 |
4 |
1 |
|u www.rusini-ukrajinci.tym.sk
|
| 958 |
|
|
|a UK
|
| 958 |
|
|
|a LX
|
| 958 |
|
|
|a SK
|
| 999 |
|
|
|c 2676434
|d 2678364
|